Data compression : techniques and applications : hardware and software considerations /

সংরক্ষণ করুন:
গ্রন্থ-পঞ্জীর বিবরন
প্রধান লেখক: Held, Gilbert
অন্যান্য লেখক: Marshall, Thomas R.
বিন্যাস: Sách giấy
ভাষা:English
প্রকাশিত: Chichester : John Wiley&Sons , 1991
ট্যাগগুলো: ট্যাগ যুক্ত করুন
কোনো ট্যাগ নেই, প্রথমজন হিসাবে ট্যাগ করুন!
Thư viện lưu trữ: Thư viện Trường Đại học Đà Lạt
LEADER 00669nam a2200253 4500
001 DLU020017171
005 ##3/21/2001
020 # # |a 978- 
041 # # |a eng 
082 # # |a 005.746  |b HE-G 
100 # # |a Held, Gilbert 
245 # # |a Data compression :  |b techniques and applications :  |p hardware and software considerations /  |c Gilbert Held, Thomas R. Marshall 
260 # # |a Chichester :  |b John Wiley&Sons ,  |c 1991 
300 # # |a 301 tr., X;   |c 21 cm. 
700 # # |a Marshall, Thomas R. 
992 # # |a 29300 
994 # # |a DLU 
900 # # |a False 
911 # # |a Administrator 
925 # # |a G 
926 # # |a A 
927 # # |a SH 
980 # # |a Thư viện Trường Đại học Đà Lạt